[Event "XV Weekend A"]
[Site "Ivrea ITA"]
[Date "2011.04.03"]
[Round "5"]
[White "Piazza, Giacomo"]
[Black "Giachino, Adriano"]
[Result "1-0"]
[WhiteElo "1671"]
[BlackElo "1707"]
[PlyCount "59"]
[EventDate "2011.04.01"]

1. Nf3 Nf6 2. b3 b6 3. e3 Bb7 4. Be2 g6 5. Nc3 Bg7 6. d3 Nc6 7. O-O e6 8. Ba3
d6 9. Rb1 Ng4 10. h3 Nge5 11. d4 Nxf3+ 12. Bxf3 O-O 13. Ne4 Rb8 14. c4 f5 15.
Nd2 f4 16. Bg4 Qe7 17. Nf3 h5 18. d5 Nd8 19. Bxe6+ Nxe6 20. dxe6 Qxe6 21. Ng5
Qf5 22. exf4 Bh6 23. g4 Qf6 24. Bb2 Qe7 25. Re1 Qd7 26. Re6 Bxg5 27. Rxg6+ Kh7
28. Rxg5 Rf7 29. Rxh5+ Kg8 30. Rh8# 1-0

[Event "XV Weekend A"]
[Site "Ivrea ITA"]
[Date "2011.04.03"]
[Round "5"]
[White "Ranieri, Fabrizio"]
[Black "Finocchiaro, Gianluca"]
[Result "1-0"]
[WhiteElo "2283"]
[BlackElo "2132"]
[PlyCount "81"]
[EventDate "2011.04.01"]

1. e4 Nc6 2. d4 d5 3. exd5 Qxd5 4. Nf3 Bg4 5. Be2 O-O-O 6. Be3 e5 7. c4 Qa5+ 8.
Bd2 Bb4 9. d5 Bxf3 10. Bxf3 Nd4 11. Nc3 Nf6 12. O-O Qa6 13. Be2 Nxe2+ 14. Qxe2
Bxc3 15. Bxc3 Rxd5 16. Rfe1 Rc5 17. b3 Re8 18. Qe3 Rc6 19. Qg3 g6 20. Rxe5 Rce6
21. Qh3 Kb8 22. Rd1 Ne4 23. Rxe6 Qxe6 24. Qxe6 fxe6 25. Be5 Kc8 26. f3 Ng5 27.
Kf2 Nf7 28. Bf6 e5 29. Ke3 Re6 30. Bh4 Nd6 31. g4 b6 32. Bg3 c6 33. Kf2 Kd7 34.
Kg2 e4 35. fxe4 Ke7 36. Bxd6+ Rxd6 37. Rxd6 Kxd6 38. g5 Ke5 39. Kf3 b5 40. cxb5
cxb5 41. b4 1-0

[Event "XV Weekend A"]
[Site "Ivrea ITA"]
[Date "2011.04.03"]
[Round "5"]
[White "Razzano, Lorenzo"]
[Black "Bardone, Lorenzo"]
[Result "1-0"]
[WhiteElo "1931"]
[BlackElo "1789"]
[PlyCount "63"]
[EventDate "2011.04.01"]

1. e4 c5 2. Nf3 e6 3. Nc3 Nc6 4. Bb5 Nge7 5. O-O a6 6. Bxc6 Nxc6 7. Re1 Be7 8.
d3 d6 9. Be3 O-O 10. Ne2 b5 11. Ng3 Bb7 12. c3 a5 13. d4 cxd4 14. cxd4 Rc8 15.
a3 d5 16. e5 a4 17. Qd3 Qb6 18. Bd2 h6 19. Nh5 b4 20. g4 Ba6 21. Qe3 bxa3 22.
bxa3 Qb3 23. Qf4 Qd3 24. h4 Qg6 25. Qg3 Bc4 26. Nf4 Qh7 27. g5 hxg5 28. hxg5
Qf5 29. Kg2 Nxd4 30. Nxd4 Qxg5 31. Rh1 Qxe5 32. Rh8+ 1-0

[Event "XV Weekend A"]
[Site "Ivrea ITA"]
[Date "2011.04.03"]
[Round "5"]
[White "Zunino, Davide"]
[Black "Castaldo, Folco"]
[Result "0-1"]
[WhiteElo "1990"]
[BlackElo "2420"]
[PlyCount "68"]
[EventDate "2011.04.01"]

1. d4 f5 2. Bf4 Nf6 3. e3 b6 4. Nd2 Bb7 5. Ngf3 e6 6. Bd3 Be7 7. h3 O-O 8. g4
Nd5 9. Bh2 Bh4 10. Qe2 Nb4 11. a3 Nxd3+ 12. cxd3 d6 13. Rg1 Be7 14. g5 Nd7 15.
O-O-O c5 16. Kb1 b5 17. h4 a5 18. g6 h6 19. Ng5 Rf6 20. Nh7 cxd4 21. Nxf6+ Nxf6
22. exd4 Qd7 23. Rge1 Bd5 24. Bf4 b4 25. Nc4 Rb8 26. b3 a4 27. Qa2 bxa3 28. Bc1
Bf3 29. Rd2 Nd5 30. Ka1 axb3 31. Qxa3 Nc3 32. Kb2 Nb5 33. Qa5 Bf6 34. Nb6 Bxd4+
0-1